1905 1586 1590 1604 1402 1131 1039 1450 1178 1729 1414 1338 1130 1368 1607 1958 1539 1237 1781 1554 1540 1263 1599 1317 1647 1604 1917 1713 1217 1436 1991 1335 1938 1659 1413 1902 1899 1532 1878 1273 1896 1586 1820 1861 1378 1861 1691 1898 1769 1346 1770 1134 1412 1164 1516 1815 1315 1224 1698 1172 1381 1445 1229 1700 1900 1178 1294 1336 1980 1996 1939 1907 1210 1388 1216 1984 1594 1669 1772 1821 1415 1340 1312 1415 1177 1787 1221 1369 1825 1340 1318 1638 1753 1735 1676 1194 1556 1800 1211 BCNSPRNW ULIB Ver.6.0+V

เปลี่ยนเป็นภาษาไทย

Change to English
 แสดงรายละเอียดบรรณานุกรม
  กลับหน้าหลัก

Brief Record : Get Marc (ISO 2709) : E-mail record : QR code < ปิดหน้าต่าง
LEADER : 00000nam 2200000uu 4500
001    13399112933
003     ULIB
008    110919s2554||||th 000 0 tha d
020    9789744963901
060 04 WL39^bC977 2554
245 10 Current practical guide to stroke management /^cบรรณาธิการดิษยา รัตนากร ... [และคนอื่น ๆ]
250    พิมพ์ครั้งที่ 2
260    กรุงเทพฯ :^bสมาคม,^c2554
300    [10], 201 หน้า :^bภาพประกอบ ;^c24 ซม.
504    บรรณานุกรม
650  0 Cerebrovascular disease^vHandbooks, manuals, etc.
650  0 Cerebrovascular disease^vHandbooks, manuals, etc.
650  0 Cerebrovascular disease^xPatients^xCare^vHandbooks,manuals, etc.
650  2 Cerebrovascular disease
650  2 Stroke^xPractice Guideline
650  2 Stroke^xtherapy^vHandbooks
650  2 Stroke^xdiagnosis^vHandbooks
650  2 Stroke^xprevention & control
650  4 หลอดเลือดสมอง^xคู่มือ
650  4 หลอดเลือดสมอง,โรค^xคู่มือ
650  4 หลอดเลือดสมองผิดปกติ
653    ผลงานอาจารย์คณะแพทยศาสตร์ศิริราชพยาบาล
700 0  ดิษยา รัตนากร,^eบรรณาธิการ
700 0  ชาญพงค์ ตังคณะกุล,^eบรรณาธิการ
700 0  สามารถ นิธินันทน์,^eบรรณาธิการ
700 0  นิจศรี ชาญณรงค์ สุวรรณเวลา,^eบรรณาธิการ
700 0  สุชาติ หาญไชยพิบูลย์กุล,^eบรรณาธิการ
700 0  ยงชัย นิละนนท์,^eบรรณาธิการ
945    ^p350^l0^i030572
945    ^p350^l0^i030573
945    ^p350^l0^i030574
945    ^p350^l0^i030639
945    ^p350^l0^i030640
995    เกษร
999 ^a ใช้งานได้ทุกระบบ
รายการนี้ยังไม่มีแท็ก
คุณยังไม่ได้ล็อกอิน คุณสามารถมีกิจกรรมร่วมกับเว็บไซต์ได้ แต่ต้องล็อกอินก่อน ::
  ล็อกอิน

รายการสื่อสารสนเทศ

ลำดับที่ ประเภท เลขเรียก/บาร์โค้ด สถานที่ สถานะ
1. วิทยาศาสตร์การแพทย์ และสุขภาพ
หนังสือสำรอง
สถานะ=หนังสือสำรอง
WL39 C977 2554 ฉ.1 
  Barcode: 030572
ห้องสมุดวิทยาเขตสวรรค์ประชารักษ์
►ส่วนจัดเก็บหนังสือเก่า สปร
บนชั้น
  ขอยืม
2. วิทยาศาสตร์การแพทย์ และสุขภาพ
วิทยาศาสตร์การแพทย์ และสุขภาพ
WL39 C977 2554 ฉ.2 
  Barcode: 030573
ห้องสมุดวิทยาเขตสวรรค์ประชารักษ์
►ส่วนจัดเก็บหนังสือเก่า สปร
บนชั้น
  ขอยืม
3. วิทยาศาสตร์การแพทย์ และสุขภาพ
วิทยาศาสตร์การแพทย์ และสุขภาพ
WL39 C977 2554 ฉ.3 
  Barcode: 030574
ห้องสมุดวิทยาเขตสวรรค์ประชารักษ์
►ส่วนจัดเก็บหนังสือเก่า สปร
บนชั้น
  ขอยืม
4. วิทยาศาสตร์การแพทย์ และสุขภาพ
วิทยาศาสตร์การแพทย์ และสุขภาพ
WL39 C977 2554 ฉ.4 
  Barcode: 030639
ห้องสมุดวิทยาเขตสวรรค์ประชารักษ์
►ส่วนจัดเก็บหนังสือเก่า สปร
บนชั้น
  ขอยืม
5. วิทยาศาสตร์การแพทย์ และสุขภาพ
วิทยาศาสตร์การแพทย์ และสุขภาพ
WL39 C977 2554 ฉ.5 
  Barcode: 030640
ห้องสมุดวิทยาเขตสวรรค์ประชารักษ์
►ส่วนจัดเก็บหนังสือเก่า สปร
บนชั้น
  ขอยืม

รายการใกล้เคียง
    หัวเรื่อง [Cerebrovascular disease]
    หัวเรื่อง [หลอดเลือดสมองผิดปกติ]

BibComment


ยังไม่เคยถูกคอมเมนท์

คอมเมนท์ทรัพยากรรายการนี้
  คอมเมนท์: Current practical..


 Copyright 2026. Bcnsprnw @Library